The fire safety assessor's handbook (Record no. 106097)
[ view plain ]
| 000 -LEADER | |
|---|---|
| fixed length control field | 01215cam a22002295a 4500 |
| 001 - CONTROL NUMBER | |
| control field | ##E135563 |
| 008 - FIXED-LENGTH DATA ELEMENTS--GENERAL INFORMATION | |
| fixed length control field | 061108s2006 xxk 001 0 eng d |
| 020 ## - INTERNATIONAL STANDARD BOOK NUMBER | |
| International Standard Book Number | 1852524502 |
| 035 ## - SYSTEM CONTROL NUMBER | |
| System control number | (Sirsi) u135563 |
| 041 0# - LANGUAGE CODE | |
| Language code of text/sound track or separate title | eng |
| 050 04 - LIBRARY OF CONGRESS CALL NUMBER | |
| Classification number | 692.21 $1 8 |
| 100 1# - MAIN ENTRY--PERSONAL NAME | |
| Personal name | Paterson, Tony |
| 245 04 - TITLE STATEMENT | |
| Title | The fire safety assessor's handbook |
| 260 ## - PUBLICATION, DISTRIBUTION, ETC. | |
| Place of publication, distribution, etc. | Cirencester |
| Name of publisher, distributor, etc. | Management Books 2000 Ltd |
| Date of publication, distribution, etc. | 2006 |
| 300 ## - PHYSICAL DESCRIPTION | |
| Extent | 293p. |
| Other physical details | ill. |
| Dimensions | 21cm. |
| 350 ## - PRICE (NR) (BK AM CF MU VM SE) [OBSOLETE] | |
| Price | 20 |
| 520 ## - SUMMARY, ETC. | |
| Summary, etc. | A complete guide to fire prevention, containment and safety which incorporates all the changes resulting from the Regulatory Reform (Fire Safety) Order of 2005. Aimed at anyone appointed as a Fire Safety Assessor or as a 'responsible person' under the Order offering essential information for a lay person to understand. Main topics covered are: the science of fire, structural fire protection, means of escaping, fire engineering systems, fire alarms and detection systems, legislation and regulations, fire investigation, fire safety policy, staff fire training and fire safety audit and risk assessment. |
| 590 ## - LOCAL NOTE (RLIN) | |
| Local note | IKA300107 |
| 651 #4 - SUBJECT ADDED ENTRY--GEOGRAPHIC NAME | |
| Geographic name | United Kingdom |
| Chronological subdivision | |
| 690 ## - LOCAL SUBJECT ADDED ENTRY--TOPICAL TERM (OCLC, RLIN) | |
| Topical term or geographic name as entry element | MANAGEMENT-HEALTH AND SAFETY-FIRE SAFETY-FIRE RISK ASSESSMENT |
| 942 ## - ADDED ENTRY ELEMENTS (KOHA) | |
| Suppress in OPAC | 0 |
| Withdrawn status | Lost status | Source of classification or shelving scheme | Damaged status | Not for loan | Home library | Current library | Shelving location | Date acquired | Total Checkouts | Full call number | Barcode | Date last seen | Date last checked out | Copy number | Price effective from | Koha item type |
|---|---|---|---|---|---|---|---|---|---|---|---|---|---|---|---|---|
| Dewey Decimal Classification | London | London | Books | 11/12/2008 | 2 | 692.21 PAT | 30076235 | 06/08/2019 | 04/11/2009 | 1 | 06/08/2019 | Book |